| 000 | 00638nam a2200193Ia 4500 | ||
|---|---|---|---|
| 003 | GCL | ||
| 008 | 140319s9999 xx 000 0 ara d | ||
| 040 |
_aGCL / _cGCL |
||
| 082 | 0 | 4 |
_a519.2 _bس م |
| 100 | 1 | _aسامح داود (مترجم) | |
| 245 | 1 | 0 |
_aنظريات ومسائل فى الاحتمالات / _cسامح داود (مترجم) |
| 700 | 1 | _aليبسثتز، سيمور | |
| 260 |
_a[S.N] : _bالدار الدولية للنشر والتوزيع ، _c1993 |
||
| 490 |
_aسلسلة ملخصات شوم _v0 |
||
| 650 | 0 | 4 | _aالجبر |
| 650 | 0 | 4 | _aالرياضيات |
| 650 | 0 | 4 | _aالاحتمالات |
| 942 |
_2ddc _cBK |
||
| 999 |
_c30396 _d30396 |
||